00617cam a22001691 450000100100000000500170001000800410002701000130006803500190008104000250010008200190012510000410014424501950018526000250038030000210040565000210042600001282920200929163101.0750702s1953 xx 000 0 spa  a54020020 a(OCoLC)1427565 aDO-SdBNPbspacBNPHU a341.488bP699a2 aPlanas Suárez, Simón,d1879-196713aEl asilo diplomatico :bestudio juridico y politico sobre este execrable uso latinoamericano destructor de la soberania nacional y de la cordialidad internacional /cSimón Planas Suárez. aBuenos Aires,c1953. a687 p. ;c24 cm. 0aDerecho de asilo